[Event "Barcelona Rubi op-B 5th"]
[Site "Barcelona"]
[Date "2004.04.??"]
[Round "2"]
[White "Carceller Caballero, Alex"]
[Black "Sanchez Perez, Joan"]
[Result "1/2-1/2"]
[WhiteElo "1720"]
[BlackElo "1855"]
[PlyCount "48"]
[EventDate "2004.04.25"]
[EventType "swiss"]
[EventRounds "7"]
[EventCountry "ESP"]
[SourceTitle "EXT 2007"]
[Source "ChessBase"]
[SourceDate "2006.11.23"]
[SourceVersion "1"]
[SourceVersionDate "2006.11.23"]
[SourceQuality "1"]

1. e4 e5 2. Nf3 Nf6 3. Nc3 Bb4 4. d3 Bxc3+ 5. bxc3 d6 6. Qe2 c5 7. Bg5 Nbd7 8. Qe3 Qb6 9. Qc1 h6 10. Bxf6 Nxf6 11. Be2 Be6 12. 0-0 0-0 13. Qb1 Qc7 14. Qb2 Rab8 15. Rfe1 Rfd8 16. Bf1 Qc6 17. h3 a6 18. a3 b5 19. Nd2 Nd7 20. Rab1 Qb6 21. Re2 Rdc8 22. Rd1 c4 23. Nf3 cxd3 24. cxd3 Qa5 1/2-1/2

[Event "Barcelona Rubi op-B 5th"]
[Site "Barcelona"]
[Date "2004.04.??"]
[Round "4"]
[White "Pascual Soro, Antonio"]
[Black "Sanchez Perez, Joan"]
[Result "1/2-1/2"]
[WhiteElo "1800"]
[BlackElo "1855"]
[PlyCount "74"]
[EventDate "2004.04.25"]
[EventType "swiss"]
[EventRounds "7"]
[EventCountry "ESP"]
[SourceTitle "EXT 2007"]
[Source "ChessBase"]
[SourceDate "2006.11.23"]
[SourceVersion "1"]
[SourceVersionDate "2006.11.23"]
[SourceQuality "1"]

1. d4 d6 2. e4 e6 3. Be3 Nf6 4. Nd2 Nbd7 5. Bd3 b6 6. c4 Bb7 7. f3 c5 8. d5 exd5 9. cxd5 Be7 10. Ne2 0-0 11. a4 a5 12. Nc3 Ba6 13. Nb5 Ne5 14. Be2 Bxb5 15. Bxb5 Nfd7 16. f4 Ng6 17. Qg4 Ra7 18. 0-0 Nf6 19. Qf3 Ne8 20. Bd3 Bf6 21. Nc4 Qc7 22. Rab1 Rb7 23. Na3 Qd7 24. Bb5 Qe7 25. Bd3 Nc7 26. Bf2 Rfb8 27. g3 Nf8 28. Kg2 Ra8 29. Nb5 Nxb5 30. Bxb5 Rc7 31. Bc6 Rb8 32. h4 Rbc8 33. h5 h6 34. Rfe1 Ne6 35. b3 Nd4 36. Bxd4 Bxd4 37. Re2 f6 1/2-1/2